A guide to canadian policies on arms control, disarmament, defence and conflict resolution: 1987-1988
Сохранить в:
| Соавтор: | |
|---|---|
| Формат: | Текст |
| Опубликовано: |
Ottawa, Ontario:
CIIPS
|
| Метки: |
Добавить метку
Нет меток, Требуется 1-ая метка записи!
|
MARC
| LEADER | 00000 a a2200000 04500 | ||
|---|---|---|---|
| 001 | 22342 | ||
| 003 | |||
| 040 | |||
| 090 | |a 152100 | ||
| 110 | |a Canadian Institute for International Peace and Security | ||
| 245 | |a A guide to canadian policies on arms control, disarmament, defence and conflict resolution: 1987-1988 | ||
| 260 | |a Ottawa, Ontario: |b CIIPS | ||
| 300 | |a 326 p. | ||
| 999 | |c 1154 |d 1154 | ||
